Nghiên cứu khả năng thích ứng của cá tai tượng (Osphronemus gouramy) với nhiệt độ và độ mặn tăng : Luận văn tốt nghiệp Cao học. Chuyên ngành Nuôi trồng thủy sản

Đánh giá khả năng thích ứng về độ mặn, nhiệt độ và một số đặc điểm về tăng trưởng của cá tai tượng nhằm tìm ra độ mặn kết hợp với nhiệt độ thích hợp cho sự tăng trưởng của cá trong giai đoạn guống....

Popoln opis

Shranjeno v:
Bibliografske podrobnosti
Glavni avtor: Đinh, Thị Trúc Giang
Format: Knjiga
Jezik:Undetermined
Izdano: Cần Thơ Trường Đại học Cần Thơ 2016
Teme:
Oznake: Označite
Brez oznak, prvi označite!
Thư viện lưu trữ: Trung tâm Học liệu Trường Đại học Cần Thơ
LEADER 01222nam a2200217Ia 4500
001 CTU_221241
008 210402s9999 xx 000 0 und d
082 |a 639.31 
082 |b Gi106 
088 |a 60620301 
100 |a Đinh, Thị Trúc Giang 
245 0 |a Nghiên cứu khả năng thích ứng của cá tai tượng (Osphronemus gouramy) với nhiệt độ và độ mặn tăng : 
245 0 |b Luận văn tốt nghiệp Cao học. Chuyên ngành Nuôi trồng thủy sản 
245 0 |c Đinh Thị Trúc Giang ; Nguyễn Thanh Phương (Cán bộ hướng dẫn) 
260 |a Cần Thơ 
260 |b Trường Đại học Cần Thơ 
260 |c 2016 
520 |a Đánh giá khả năng thích ứng về độ mặn, nhiệt độ và một số đặc điểm về tăng trưởng của cá tai tượng nhằm tìm ra độ mặn kết hợp với nhiệt độ thích hợp cho sự tăng trưởng của cá trong giai đoạn guống. 
650 |a Cá nước ngọt,Freshwater fishes 
904 |i Hải 
980 |a Trung tâm Học liệu Trường Đại học Cần Thơ